00400cam a22000977a 4500008004000000082002100040245009500061260007300156300001000229700006300239180718b1984 xxu||||| |||| 00| 0 eng d aO065x54 In2/1984 aBirth order differentials in Indiacby Vital Statistics Division, Ministry of Home Affairs aNew DelhibVital Statistics Division, Ministry of Home Affairsc1984 a213p. aIndia. Ministry of Home Affairs, Vital Statistics Division